00538nam a22001337a 450000500170000000800410001702000290005804000080008708200130009524500540010826000610016230000370022350401440026020221104101732.0221104b sa ||||| |||| 00| 0 eng d a9781848102262qPaperback cRDA aEKF KELL aWhy did Romans march?: First Question and Answers aBardfield End Green;bMiles Kelly Publishing Ltd,c2010. a32 Pages:bIllustrations;c30cm. aIn a question-and-answer format many facts about the ancient Romans are presented for primary school children, with colourful illustrations